El último cuadro : del caballete a la máquina : por una teoría de la pintura /

Đã lưu trong:
Chi tiết về thư mục
Tác giả chính: Tarabukin, Nikolai (autor)
Định dạng: Sách
Ngôn ngữ:Tiếng Tây Ban Nha
Được phát hành: Barcelona, España : Gustavo Gili, 1977
Loạt:(Punto y Línea)
Những chủ đề:
Các nhãn: Thêm thẻ
Không có thẻ, Là người đầu tiên thẻ bản ghi này!

MARC

LEADER 00000nam^a2200000^a^4500
001 000008698
005 20250521000000.0
009 20260310083556.372
037 |a Acervo ITESO - Biblioteca 
041 |a ESP 
082 |a 750. 11  |b TAR 
100 |a Tarabukin, Nikolai  |e (autor) 
245 1 3 |a El último cuadro :  |b del caballete a la máquina : por una teoría de la pintura /  |c N. Tarabukin ; tr. por Rosa Feliu... [et al.]. 
264 1 |a Barcelona, España :  |b Gustavo Gili,  |c 1977 
300 |a 168 p. 
336 |a texto  |b txt  |2 rdacontenido 
337 |a sin mediación  |b n  |2 rdamedio 
338 |a volumen  |b nc  |2 rdasoporte 
440 1 |a (Punto y Línea) 
500 |a Traducción de: Le Dernier Tableau 1. Duchevalet á la Machine 2. Pour une Théorie de la Peinture 
649 |a XX 
650 |a Pintura 
650 |a Arte -  |x Teoría 
910 |a Fondo General 
920 |a Impresos - Libros 
930 |a Colección General 
905 |a 101 
901 |a 0086980100  |b IT1  |c ACC  |i 008698  |u 20250521 
902 |a https://opac.biblio.iteso.mx/vufind/Record/000008698